000 00914nam a2200217 i 4500
001 153561
003 ES-MaACL
005 20230906205302.0
008 990903s1900 sp b |||| | spa d
100 1 _aLópez Vilches, Eladio.
_974026
245 1 0 _aPosesiones españolas en el África Occidental
_b: Fernando Poo, Corisco, Los Elobeyes, Annobón, La Guinea española, El Sáhara español ... /
_cpor dos oficiales del Ejército [Eladio L. Vilches y Manuel Nieves].
260 _aMadrid :
_b[s.n.],
_c1900 (
_fImp. y Litografía del Depósito de la Guerra)
300 _aVII, 112 p., [2] h. pleg. de mapas ;
_c19 cm.
510 4 _aPalau,
_c233941
597 _aAntep.
599 _aMapas del Sahara y de Guinea española.
651 4 _aSahara occidental-
_xDescripción.
_9136844
651 4 _aGuinea Ecuatorial-
_xDescripción.
_98807
700 1 _aNieves Coso, Manuel.
_9165650
852 _aES-MaACL
_jD-689
999 _c153561
_d153561